UNDERSTANDING AND WRITING COMPILERS (Record no. 216778)

MARC details
000 -LEADER
fixed length control field 00407nam a22001577a 4500
008 - FIXED-LENGTH DATA ELEMENTS--GENERAL INFORMATION
fixed length control field 260304b |||||||| |||| 00| 0 eng d
020 ## - INTERNATIONAL STANDARD BOOK NUMBER
International Standard Book Number 978-0-3332-1732-0
100 ## - MAIN ENTRY--PERSONAL NAME
Personal name BORNAT RICHARD
245 ## - TITLE STATEMENT
Title UNDERSTANDING AND WRITING COMPILERS
260 ## - PUBLICATION, DISTRIBUTION, ETC.
Place of publication, distribution, etc. LONDON
Name of publisher, distributor, etc. MACMILLAN
Date of publication, distribution, etc. 1979
300 ## - PHYSICAL DESCRIPTION
Extent ix,396p.
500 ## - GENERAL NOTE
General note INCLUDES AN INDEX
650 ## - SUBJECT ADDED ENTRY
Topical term or geographic name entry element COMMPILIERS
942 ## - ADDED ENTRY ELEMENTS (KOHA)
Source of classification or shelving scheme Library of Congress Classification
Koha item type Long Loan Book
Holdings
Withdrawn status Lost status Source of classification or shelving scheme Damaged status Not for loan Collection Home library Current library Shelving location Date acquired Inventory number Total checkouts Full call number Date last seen Copy number Price effective from Koha item type
    Library of Congress Classification     Science & Technology Kisii University Library Kisii University Library On Display 03/04/2026 112146   QA 76.76 .C65B67 1979 03/04/2026 C.1 03/04/2026 Long Loan Book
    Library of Congress Classification     Science & Technology Kisii University Library Kisii University Library On Display 03/04/2026 112147   QA 76.76 .C65B67 1979 03/04/2026 C.2 03/04/2026 Long Loan Book
    Library of Congress Classification     Science & Technology Kisii University Library Kisii University Library On Display 03/04/2026 112148   QA 76.76 .C65B67 1979 03/04/2026 C.3 03/04/2026 Long Loan Book